000 01268nam a2200265Ia 4500
003 OSt
005 20210413151540.0
008 210310s2010 ck ad gr 000 0 spa d
020 _a9789589949047
040 _aCO-JMCR
_cCO-JMCR
041 0 _aspa
082 0 4 _a658.8 /
_bL938t
_223
100 1 _aLucio Mera, Elena,
_dautora
_925648
245 0 _aTécnicas de marketing :
_bidentificar, conquistar y fidelizar clientes /
_cElena Lucio Mera
250 _aPrimera edición
260 _aBogotá :
_bEdiciones de la U,
_c2010
300 _a120 páginas :
_bilustraciones y graficas en blanco y negro ;
_c23 cm.
490 0 _aÁrea mercadeo
500 _aDatos biográficos del autor en tapa posterior.
505 0 _aEl marketing en la empresa. -- El entorno de Marketing. -- La planificación estratégica. -- Las técnicas de marketing.
520 0 _aEn el mercado como el actual. caracterizado por la gran cantidad de información que maneja e consumidor y los niveles de exigencia que esto genera, la supervivencia de muchas empresas depende, en gran medida, de saber que es lo que quieren los posibles compradores para así poder ofrecerlo.
650 1 4 _aTécnicas de marketing
_925650
650 2 4 _aFidelizar clientes.
_936781
942 _2ddc
_cBK
999 _c11483
_d11483